|
|
|
|
| LEADER |
01039nam a2200277 a 4500 |
| 001 |
40500 |
| 003 |
BD-DhAAL |
| 005 |
20230313104116.0 |
| 008 |
230302t1987 mau b 001 0 eng d |
| 010 |
|
|
|a 87003644
|
| 020 |
|
|
|a 0395355729 :
|c $19.95
|
| 040 |
|
|
|a DLC
|c DLC
|d DLC
|d BD-DhAAL
|
| 082 |
0 |
0 |
|a 330.09
|2 23
|
| 100 |
1 |
|
|a Galbraith, John Kenneth,
|d 1908-2006.
|
| 245 |
1 |
0 |
|a Economics in perspective :
|b a critical history /
|c John Kenneth Galbraith.
|
| 260 |
|
|
|a Boston :
|b Houghton Mifflin,
|c 1987.
|
| 300 |
|
|
|a 324 pages ;
|c 24 cm.
|
| 504 |
|
|
|a Includes bibliographical references and index.
|
| 541 |
|
|
|a Donated By Akbar Ali Khan
|e 40500
|
| 650 |
|
0 |
|a Economics
|x History.
|
| 650 |
|
0 |
|a Economic history.
|
| 650 |
|
0 |
|a Economics.
|
| 852 |
|
|
|a Ayesha Abed Library
|c Akbar Ali Khan Collection
|
| 942 |
|
|
|2 ddc
|c BK
|
| 999 |
|
|
|c 45549
|d 45549
|
| 952 |
|
|
|0 0
|1 0
|2 ddc
|4 0
|6 330_090000000000000_GAL
|7 1
|9 73321
|a BRACUL
|b BRACUL
|c AAKC
|d 2023-03-02
|e Donated By Akbar Ali Khan
|g 2086.00
|l 0
|o 330.09 GAL
|p 3010040500
|r 2023-03-02
|t 1
|w 2023-03-02
|y BK
|x USD 19.95
|